Chilensia Pontificia. Monumenta Ecclesiae Chilensia.

Furkejuvvon:
Bibliográfalaš dieđut
Váldodahkki: Retamal Fuentes, Fernando (autor)
Materiálatiipa: Girji
Giella:eaŋgalasgiella
espánnjágiella
Almmustuhtton: Santiago, Chile: Ediciones Universidad Católica de Chile, 2002.
Ráidu:Investigaciones
Fáddágilkorat: Lasit fáddágilkoriid
Eai fáddágilkorat, Lasit vuosttaš fáddágilkora!

MARC

LEADER 00000nam a22000007a 4500
003 CL-VaPUC
005 20250401112523.0
008 200122b ||||| |||| 00| 0 eng d
999 |c 379574  |d 379572 
020 |a 9561404958 (o.c) 
020 |a 9561406675 (t.1) 
020 |a 956140668 (t.2) 
040 |c Pontificia Universidad Católica de Valparaíso 
041 0 |a spa 
082 |a 270.983 RET 2002 
100 1 |a Retamal Fuentes, Fernando  |9 475531  |e autor 
245 1 0 |a Chilensia Pontificia.  |b  Monumenta Ecclesiae Chilensia. 
260 3 |a Santiago, Chile:  |b Ediciones Universidad Católica de Chile,  |c 2002. 
300 |a volúmenes 
490 0 0 |a Investigaciones 
505 0 |a Volumen II. Tomo I y Tomo II. De León XIII a Pío XII (1878-1958) 
583 |c 20200122  |k Daniel Castañeda 
650 |2 HISTORIA DE LA IGLESIA 
650 |2 IGLESIA CHILENA 
650 |2 IGLESIA CATOLICA 
942 |2 ddc  |c BK 
952 |0 0  |1 0  |2 ddc  |4 0  |6 270_983000000000000_RET_2002  |7 0  |8 A  |9 500155  |a BIBTEO  |b BIBTEO  |d 2020-01-22  |h v.2 t.1  |i 5615437  |l 3  |o 270.983 RET 2002  |p 5615437  |r 2025-01-17  |s 2020-10-07  |t 1  |w 2020-01-22  |y BK  |k ICR 
952 |0 0  |1 0  |2 ddc  |4 0  |6 270_983000000000000_RET_2002  |7 0  |8 A  |9 500156  |a BIBTEO  |b BIBTEO  |d 2020-01-22  |h v.2 t.2  |i 5615445  |l 5  |o 270.983 RET 2002  |p 5615445  |r 2025-01-17  |s 2021-04-08  |t 1  |w 2020-01-22  |y BK  |k ICR